<?xml version="1.0" encoding="UTF-8"?><?xml-stylesheet type="text/xsl" href="static/style.xsl"?><OAI-PMH xmlns="http://www.openarchives.org/OAI/2.0/" xmlns:xsi="http://www.w3.org/2001/XMLSchema-instance" xsi:schemaLocation="http://www.openarchives.org/OAI/2.0/ http://www.openarchives.org/OAI/2.0/OAI-PMH.xsd"><responseDate>2026-04-14T02:31:23Z</responseDate><request verb="GetRecord" identifier="oai:www.recercat.cat:2445/153581" metadataPrefix="marc">https://recercat.cat/oai/request</request><GetRecord><record><header><identifier>oai:recercat.cat:2445/153581</identifier><datestamp>2025-12-05T12:13:42Z</datestamp><setSpec>com_2072_1057</setSpec><setSpec>col_2072_478916</setSpec><setSpec>col_2072_478917</setSpec><setSpec>col_2072_478927</setSpec></header><metadata><record xmlns="http://www.loc.gov/MARC21/slim" xmlns:dcterms="http://purl.org/dc/terms/" xmlns:xsi="http://www.w3.org/2001/XMLSchema-instance" xmlns:doc="http://www.lyncode.com/xoai" xsi:schemaLocation="http://www.loc.gov/MARC21/slim http://www.loc.gov/standards/marcxml/schema/MARC21slim.xsd">
   <leader>00925njm 22002777a 4500</leader>
   <datafield ind2=" " ind1=" " tag="042">
      <subfield code="a">dc</subfield>
   </datafield>
   <datafield ind2=" " ind1=" " tag="720">
      <subfield code="a">Cassol Spanemberg, Juliana</subfield>
      <subfield code="e">author</subfield>
   </datafield>
   <datafield ind2=" " ind1=" " tag="720">
      <subfield code="a">Blanco Carrión, Andrés</subfield>
      <subfield code="e">author</subfield>
   </datafield>
   <datafield ind2=" " ind1=" " tag="720">
      <subfield code="a">Rodríguez de Rivera Campillo, Ma Eugenia</subfield>
      <subfield code="e">author</subfield>
   </datafield>
   <datafield ind2=" " ind1=" " tag="720">
      <subfield code="a">Estrugo Devesa, Albert</subfield>
      <subfield code="e">author</subfield>
   </datafield>
   <datafield ind2=" " ind1=" " tag="720">
      <subfield code="a">Jané Salas, Enric</subfield>
      <subfield code="e">author</subfield>
   </datafield>
   <datafield ind2=" " ind1=" " tag="720">
      <subfield code="a">López López, José, 1958-</subfield>
      <subfield code="e">author</subfield>
   </datafield>
   <datafield ind2=" " ind1=" " tag="260">
      <subfield code="c">2020-03-24T12:48:28Z</subfield>
   </datafield>
   <datafield ind2=" " ind1=" " tag="260">
      <subfield code="c">2020-03-24T12:48:28Z</subfield>
   </datafield>
   <datafield ind2=" " ind1=" " tag="260">
      <subfield code="c">2019-06-01</subfield>
   </datafield>
   <datafield ind2=" " ind1=" " tag="260">
      <subfield code="c">2020-03-24T12:48:28Z</subfield>
   </datafield>
   <datafield ind2=" " ind1=" " tag="520">
      <subfield code="a">Antecedentes: el liquen plano (LP) es una enfermedad autoinmune crónica que afecta la mucosa oral, la piel, la mucosa genital y otras localizaciones. Objetivo: evaluar la correlación entre el liquen plano oral, genital y cutáneo, en una muestra de pacientes con LP. Material y Métodos: este estudio descriptivo revisó 274 historias clínicas de pacientes, todos presentaron confirmación histológica de liquen plano verificada por un patólogo, que asistían a dos centros médicos de Barcelona. Resultados: un total de 40 pacientes con LP (14.59%) presentaron lesiones genitales. De los 131 pacientes con LP cutánea (47,8%), las zonas más afectadas fueron las superficies flexoras del cuerpo, que representan el 60,1% de los casos. El 24% de los pacientes (n=55) relacionó el inicio de las lesiones con eventos de estrés previos. De los 131 sujetos con lesiones cutáneas, 19% (n=25) también presentaron liquen plano oral (LPO). Del total de la muestra, el 53,6% (n=147) de los pacientes presentaron lesiones orales. Las enfermedades sistémicas más comúnmente asociadas con esta muestra de pacientes, fueron problemas psicológicos como estrés, ansiedad y depresión (48%), hipertensión (27%), problemas gástricos (12%) y diabetes (9,7%). Se encontró una historia familiar de liquen plano en solo 2 casos (0,72%) del total de 274.</subfield>
   </datafield>
   <datafield tag="653" ind2=" " ind1=" ">
      <subfield code="a">Liquen pla</subfield>
   </datafield>
   <datafield tag="653" ind2=" " ind1=" ">
      <subfield code="a">Líquens</subfield>
   </datafield>
   <datafield tag="653" ind2=" " ind1=" ">
      <subfield code="a">Estudi de casos</subfield>
   </datafield>
   <datafield tag="653" ind2=" " ind1=" ">
      <subfield code="a">Lichen planus</subfield>
   </datafield>
   <datafield tag="653" ind2=" " ind1=" ">
      <subfield code="a">Lichens</subfield>
   </datafield>
   <datafield tag="653" ind2=" " ind1=" ">
      <subfield code="a">Case studies</subfield>
   </datafield>
   <datafield ind2="0" ind1="0" tag="245">
      <subfield code="a">Liquen plano oral, cutáneo y genital: análisis descriptivo de una muestra de 274 pacientes</subfield>
   </datafield>
</record></metadata></record></GetRecord></OAI-PMH>